[Event "FSV-ch 2010"]
[Site "Dortmund"]
[Date "2010.06.24"]
[Round "8.6"]
[White "Borjini, Faouzi"]
[Black "Grube, Jörg"]
[Result "1-0"]
[WhiteElo "1915"]
[BlackElo "1804"]
[PlyCount "59"]
[EventDate "2010.??.??"]

1. d4 d5 2. c4 e6 3. Nc3 c6 4. e4 dxe4 5. Nxe4 Bb4+ 6. Nc3 Ne7 7. Nf3 Nf5 8. a3
Ba5 9. b4 Bc7 10. Bg5 Qd7 11. g4 Ne7 12. Ne5 Qd8 13. Be3 Ng6 14. Nxg6 hxg6 15.
h3 Qh4 16. Bg2 Nd7 17. Qd2 Qe7 18. b5 Ba5 19. bxc6 bxc6 20. Bxc6 Rb8 21. Qd3
Rb3 22. Bd2 Ba6 23. O-O O-O 24. Rfd1 Rfb8 25. a4 Bb7 26. Bxb7 R8xb7 27. Rab1
Qa3 28. Ra1 Qb2 29. Rdb1 Bxc3 30. Bxc3 1-0

[Event "FSV-ch 2010"]
[Site "Dortmund"]
[Date "2010.06.29"]
[Round "8.7"]
[White "Milonas, Georgios"]
[Black "Zelt, Jens"]
[Result "0-1"]
[WhiteElo "1531"]
[BlackElo "2012"]
[PlyCount "98"]
[EventDate "2010.??.??"]

1. e4 e5 2. Nf3 d6 3. d4 exd4 4. Nxd4 Be7 5. Bc4 Nf6 6. Nc3 a6 7. a4 O-O 8. O-O
Re8 9. Nf5 Bxf5 10. exf5 c6 11. Re1 d5 12. Bf1 Bd6 13. Rxe8+ Qxe8 14. g3 Nbd7
15. Bg5 h6 16. Be3 Qc8 17. Bh3 Qc7 18. a5 Bb4 19. Qd2 Qd8 20. Qe2 Bxa5 21. Na4
Bc7 22. Nc3 Qf8 23. Qf3 Re8 24. Na4 Qb4 25. c3 Qe7 26. b4 Bd6 27. Qg2 Qe4 28.
Qf1 Ne5 29. Bg2 Qxf5 30. Bc5 Bb8 31. Bd4 Nf3+ 32. Bxf3 Qxf3 33. Nc5 Re7 34. Re1
Ne4 35. Re3 Qh5 36. f3 Nd2 37. Qf2 Rxe3 38. Qxe3 Nxf3+ 39. Kg2 Nxd4 40. cxd4
Bd6 41. Nxb7 Bxb4 42. Qe8+ Kh7 43. Qxc6 a5 44. Qb5 Qf5 45. Nxa5 Qe4+ 46. Kh3
Bxa5 47. Qxa5 Qxd4 48. Qc7 f6 49. Qd7 Qe4 0-1

[Event "FSV-ch 2010"]
[Site "Dortmund"]
[Date "2010.06.24"]
[Round "8.8"]
[White "Haufe, Sven"]
[Black "Begna, Bozidar"]
[Result "1-0"]
[WhiteElo "1397"]
[BlackElo "1945"]
[PlyCount "87"]
[EventDate "2010.??.??"]

1. d4 d5 2. c4 e6 3. Nc3 Nc6 4. cxd5 exd5 5. Nf3 Bf5 6. a3 a5 7. Qb3 Nge7 8.
Bg5 f6 9. Bf4 g6 10. Qxb7 Rb8 11. Qxc7 Qxc7 12. Bxc7 Rxb2 13. Rc1 Bg7 14. e3
Bd7 15. Bb5 Kf7 16. Bxa5 Nxa5 17. Bxd7 Nc4 18. a4 Rd8 19. Bb5 Nd6 20. O-O h5
21. Rb1 Rxb1 22. Rxb1 Rc8 23. Ne2 Rc2 24. Kf1 Ne4 25. Bd3 Ra2 26. Bb5 g5 27.
Ke1 Nf5 28. Rc1 g4 29. Nfg1 Bh6 30. g3 Nfd6 31. Kf1 Nc4 32. Kg2 Ncd2 33. Rc7+
Ke6 34. Rh7 Bg5 35. Rxh5 Nxf2 36. Rxg5 fxg5 37. Kxf2 Ne4+ 38. Kg2 Ra3 39. h3
gxh3+ 40. Kxh3 Rxe3 41. Kg4 Kd6 42. Nh3 Nc3 43. Nxc3 Rxc3 44. Nxg5 1-0

[Event "FSV-ch 2010"]
[Site "Dortmund"]
[Date "2010.06.24"]
[Round "8.9"]
[White "Dite, Alexander"]
[Black "Völler, Lothar"]
[Result "1-0"]
[WhiteElo "1617"]
[BlackElo "1544"]
[PlyCount "107"]
[EventDate "2010.??.??"]

1. d4 Nf6 2. c4 c5 3. d5 b5 4. f3 d6 5. e4 e5 6. cxb5 Nxe4 7. fxe4 Qh4+ 8. Kd2
Qxe4 9. Qf3 Qb4+ 10. Nc3 g6 11. Qe4 Qa5 12. Qa4 Qb6 13. Nf3 Bd7 14. Kd1 Bg7 15.
Nd2 O-O 16. Nc4 Qd8 17. h4 h5 18. Bg5 f6 19. Be3 a5 20. Be2 Be8 21. Kd2 Na6 22.
g4 hxg4 23. Bxg4 f5 24. Bg5 Bf6 25. Bxf6 Rxf6 26. Be2 Nc7 27. Rag1 Rb8 28. h5
Nxb5 29. Nxb5 Bxb5 30. Qc2 Bxc4 31. Bxc4 e4 32. Qc3 Qe7 33. Kc1 Qg7 34. Rg5 Kf7
35. Qxa5 Rb7 36. Ba6 Re7 37. Bc8 Kf8 38. hxg6 Rxg6 39. Rxf5+ Rf6 40. Rxf6+ Qxf6
41. Qd8+ Kf7 42. Rh7+ Kg6 43. Qg8+ Rg7 44. Qxg7+ Qxg7 45. Rxg7+ Kxg7 46. a4 Kf7
47. a5 Ke7 48. a6 Kd8 49. a7 Kxc8 50. a8=Q+ Kd7 51. Qc6+ Ke7 52. Qc7+ Kf6 53.
Qxd6+ Kf5 54. Qe6+ 1-0

[Event "FSV-ch 2010"]
[Site "Dortmund"]
[Date "2010.06.24"]
[Round "8.10"]
[White "Weischer, Wolfgang"]
[Black "Tautz, Eugen"]
[Result "1-0"]
[WhiteElo "1616"]
[BlackElo "1397"]
[PlyCount "83"]
[EventDate "2010.??.??"]

1. d4 d5 2. Nf3 Nc6 3. Bf4 Nf6 4. e3 Bg4 5. h3 Bd7 6. c4 dxc4 7. Bxc4 e6 8. O-O
h6 9. Nc3 a6 10. e4 b5 11. Bd3 Be7 12. Rc1 Rc8 13. Re1 O-O 14. Qd2 Nb4 15. Bb1
Nh7 16. d5 a5 17. a3 Na6 18. e5 Ng5 19. Nd4 Nc5 20. Qc2 g6 21. h4 Nh7 22. h5
Be8 23. Nc6 Qd7 24. Nxe7+ Qxe7 25. Bxh6 Qh4 26. Bxf8 Nxf8 27. hxg6 Nxg6 28. b4
axb4 29. axb4 Qxb4 30. Na2 Qg4 31. Qxc5 Nf4 32. Be4 Ra8 33. Qc2 Ra4 34. Bf3 Qg5
35. Nc3 Rc4 36. Qd1 b4 37. Ne4 Rxc1 38. Nxg5 Rxd1 39. Rxd1 b3 40. dxe6 fxe6 41.
Rd8 Kf8 42. Bc6 1-0

[Event "FSV-ch 2010"]
[Site "Dortmund"]
[Date "2010.06.22"]
[Round "8.11"]
[White "Maffei, Hendrik"]
[Black "Dieckmann, Rudolf"]
[Result "0-1"]
[WhiteElo "1311"]
[BlackElo "1560"]
[PlyCount "60"]
[EventDate "2010.??.??"]

1. Nf3 c5 2. g3 d5 3. c4 d4 4. d3 Nc6 5. Bg2 e5 6. O-O Bd6 7. Ng5 f6 8. Ne4 Be7
9. e3 f5 10. Ned2 Nf6 11. exd4 Nxd4 12. Nf3 Nxf3+ 13. Qxf3 O-O 14. Nc3 Rb8 15.
Qe2 Bd6 16. Nd5 Nxd5 17. Bxd5+ Kh8 18. Bd2 f4 19. Qh5 Rf5 20. Qe2 Qf6 21. Rae1
Bd7 22. Be4 Rg5 23. h4 Rg4 24. Kg2 Rf8 25. Rh1 h5 26. Bf3 Bc6 27. Bxc6 bxc6 28.
a3 f3+ 29. Qxf3 Qxf3+ 30. Kg1 Qxf2# 0-1

[Event "FSV-ch 2010"]
[Site "Dortmund"]
[Date "2010.06.24"]
[Round "8.12"]
[White "Stukemeier, Ralf"]
[Black "Skalweit, Wolfgang"]
[Result "1-0"]
[WhiteElo "1786"]
[BlackElo "1377"]
[PlyCount "81"]
[EventDate "2010.??.??"]

1. e4 e5 2. Nf3 d6 3. Bc4 Nf6 4. d3 Be7 5. Nbd2 O-O 6. Nf1 Bg4 7. Ng3 h6 8. h3
Be6 9. Bb3 Nbd7 10. c3 Rc8 11. O-O c5 12. Bc2 b5 13. Re1 Nh7 14. d4 cxd4 15.
cxd4 exd4 16. Nxd4 a6 17. Ndf5 Bxf5 18. Nxf5 Rc6 19. Qg4 Ng5 20. Bb3 Ne5 21.
Qg3 Ng6 22. h4 Ne6 23. Nxh6+ gxh6 24. Bxe6 Kh7 25. h5 Bh4 26. hxg6+ fxg6 27.
Qh3 Bxf2+ 28. Kh1 h5 29. Be3 Bxe1 30. Rxe1 Qf6 31. Bd5 Rc2 32. Rd1 h4 33. Qd7+
Qg7 34. Qxd6 h3 35. Qh2 g5 36. Qxh3+ Qh6 37. Bb3 Re2 38. Rd7+ Kg6 39. Rd6+ Rf6
40. Rxf6+ Kxf6 41. Qxh6+ 1-0

[Event "FSV-ch 2010"]
[Site "Dortmund"]
[Date "2010.06.24"]
[Round "8.13"]
[White "Behler, Nils"]
[Black "Gennat, Egon L"]
[Result "1-0"]
[WhiteElo "1761"]
[BlackElo "1338"]
[PlyCount "127"]
[EventDate "2010.??.??"]

1. e4 g6 2. d4 Bg7 3. Nc3 d6 4. Nf3 Nd7 5. Bc4 e6 6. O-O c5 7. Be3 cxd4 8. Bxd4
Ngf6 9. Nb5 O-O 10. Nxd6 Nb6 11. e5 Ne8 12. Nxe8 Rxe8 13. Bb3 Re7 14. Qe1 Qc7
15. Rd1 Nd7 16. Qe4 Re8 17. Ba4 Rd8 18. Be3 h6 19. Rd6 Bf8 20. Rd3 Nb6 21. Rfd1
Rxd3 22. Rxd3 Bd7 23. Bxd7 Nxd7 24. Rb3 Nb6 25. Nd4 Rc8 26. c3 Qd7 27. h3 Nd5
28. Bd2 Nb6 29. Rb5 Bc5 30. Rb3 Bf8 31. Bc1 Nd5 32. Kh2 a6 33. Be3 Rc7 34. Bd2
Kh7 35. Qb1 b5 36. Qe4 Rc4 37. Qh4 Qe7 38. Qe4 Qd7 39. Qh4 Qe7 40. Qg4 f5 41.
Qe2 f4 42. Qg4 Bg7 43. Bxf4 Nxf4 44. Qxf4 Rc5 45. Nf3 Qc7 46. Rb4 Rxe5 47. Re4
g5 48. Qg3 Rc5 49. Qxc7 Rxc7 50. Rxe6 a5 51. a3 Bf8 52. Ne5 Bc5 53. Rc6 Rxc6
54. Nxc6 Bb6 55. Kg1 Kg7 56. Nd4 Bxd4 57. cxd4 Kf6 58. Kf1 Ke6 59. Ke2 Kd5 60.
Kd3 a4 61. g4 Kd6 62. Ke4 Ke6 63. d5+ Kd6 64. Kd4 1-0

[Event "FSV-ch 2010"]
[Site "Dortmund"]
[Date "2010.06.24"]
[Round "8.14"]
[White "Benke, Werner"]
[Black "Raszelenberg, Patrick"]
[Result "0-1"]
[WhiteElo "1525"]
[BlackElo "1733"]
[PlyCount "45"]
[EventDate "2010.??.??"]

1. Nf3 c5 2. c4 d6 3. Nc3 e6 4. e4 a6 5. Be2 Nd7 6. O-O Qc7 7. d3 Ngf6 8. h3
Be7 9. b3 Rb8 10. a4 b6 11. Bd2 Bb7 12. Qc2 Rd8 13. Bf4 O-O 14. Rfd1 Ne5 15.
Rab1 Nfd7 16. Rbc1 d5 17. Bxe5 Nxe5 18. cxd5 exd5 19. Nxe5 Qxe5 20. Bf3 Bd6 21.
g3 Qg5 22. Bg2 Be5 23. exd5 {keine weitere Rekonstruktion. Die Notation von
Weiss ist unleserlich; die Notation von Schwarz mehrdeutig.} 0-1

[Event "FSV-ch 2010"]
[Site "Dortmund"]
[Date "2010.06.24"]
[Round "8.15"]
[White "Krüger, Georg"]
[Black "Rzoczek, Christoph"]
[Result "1-0"]
[WhiteElo "1578"]
[BlackElo "1527"]
[PlyCount "53"]
[EventDate "2010.??.??"]

1. e4 d5 2. exd5 Qxd5 3. Nf3 c6 4. Be2 Bf5 5. O-O Nf6 6. d3 Nbd7 7. Nc3 Qd6 8.
a3 e6 9. Re1 Qc7 10. b4 Bd6 11. Bb2 Qb6 12. Ne4 Bxe4 13. dxe4 Nxe4 14. Bd4 c5
15. Bxg7 Rg8 16. Bh6 cxb4 17. Be3 Qc7 18. axb4 Bxb4 19. Rf1 Rd8 20. Qd4 Nc3 21.
Qxb4 Nxe2+ 22. Kh1 b6 23. Rfe1 Nc3 24. Bg5 Rxg5 25. Nxg5 Nd5 26. Qb5 Ke7 27.
Qxd5 1-0

[Event "FSV-ch 2010"]
[Site "Dortmund"]
[Date "2010.06.24"]
[Round "8.16"]
[White "Volmer, Martin"]
[Black "Krüger, Inge"]
[Result "1-0"]
[WhiteElo "1680"]
[BlackElo "1307"]
[PlyCount "97"]
[EventDate "2010.??.??"]

1. d4 d5 2. c4 e6 3. Nc3 Nf6 4. Nf3 Be7 5. Bf4 O-O 6. e3 c6 7. Qc2 Bd6 8. Bg5
Nbd7 9. cxd5 exd5 10. Bd3 Be7 11. O-O Re8 12. Rab1 Nf8 13. b4 b5 14. Ne5 Bb7
15. a4 a6 16. Ne2 Rc8 17. Rfc1 Qd6 18. Bf5 N6d7 19. Nxd7 Bxg5 20. Nxf8 Rxf8 21.
Bxc8 Rxc8 22. Qf5 Qe7 23. axb5 axb5 24. Ra1 g6 25. Qe5 Qxe5 26. dxe5 Be7 27.
Ra7 Rc7 28. Nf4 Rd7 29. Nd3 Kf8 30. f4 Ke8 31. Nc5 Bxc5 32. Rxc5 Ke7 33. Kf2
Ke6 34. g4 f6 35. exf6 Kxf6 36. Ke2 Ke6 37. Rxb7 Rxb7 38. Rxc6+ Kd7 39. Rc5 Kd6
40. Kd3 Ra7 41. Kd4 Ra4 42. Rxb5 Kc6 43. Rc5+ Kb6 44. Kxd5 Rxb4 45. Rc8 Rb5+
46. Kd6 Kb7 47. Rc7+ Ka6 48. Rxh7 Rb3 49. e4 1-0

[Event "FSV-ch 2010"]
[Site "Dortmund"]
[Date "2010.06.24"]
[Round "8.17"]
[White "Tekin, Baran"]
[Black "Gerke, Dieter"]
[Result "1-0"]
[WhiteElo "1269"]
[BlackElo "1510"]
[PlyCount "61"]
[EventDate "2010.??.??"]

1. d4 Nf6 2. c4 g6 3. Nc3 Bg7 4. e4 d6 5. Nf3 Bg4 6. Be2 Nbd7 7. Be3 O-O 8. Qc1
c5 9. O-O Rc8 10. b3 cxd4 11. Bxd4 Nc5 12. h3 Bd7 13. e5 Nfe4 14. Nxe4 Nxe4 15.
Qe3 Bc6 16. exd6 Nxd6 17. Bxg7 Kxg7 18. Qxa7 b6 19. Qa3 Qc7 20. Qb2+ Kg8 21.
Ne5 Bb7 22. Ng4 Nf5 23. Bd3 Qc6 24. f3 Qc5+ 25. Rf2 Nd4 26. b4 Qd6 27. Rd1 h5
28. Ne3 Qe5 29. Nd5 Bxd5 30. cxd5 Qxd5 31. Be4 1-0

[Event "FSV-ch 2010"]
[Site "Dortmund"]
[Date "2010.06.24"]
[Round "8.18"]
[White "Raabe, Hans-Ulrich"]
[Black "Wangrin, Stefan A"]
[Result "1-0"]
[WhiteElo "1424"]
[BlackElo "1063"]
[PlyCount "93"]
[EventDate "2010.??.??"]

1. e4 c5 2. Nf3 Nc6 3. d4 e6 4. Be2 Nf6 5. Nc3 Be7 6. O-O d6 7. Bg5 Nd7 8. Bxe7
Nxe7 9. Qd2 O-O 10. Rad1 d5 11. Rfe1 dxe4 12. Nxe4 Qb6 13. c3 Rd8 14. dxc5 Qc7
15. Qd6 Qxd6 16. Rxd6 Nf5 17. Rd2 b6 18. Red1 f6 19. c6 a5 20. cxd7 Ra7 21.
dxc8=Q Rxc8 22. Nd6 Rc5 23. Nxf5 Rxf5 24. Nd4 Rd5 25. Bc4 Rc5 26. Bxe6+ Kf8 27.
Nf5 Rxf5 28. Bxf5 g6 29. Rd8+ Kg7 30. R1d7+ Rxd7 31. Rxd7+ Kh6 32. Bd3 a4 33.
Rd6 f5 34. Bxf5 Kg5 35. Bd7 a3 36. b3 b5 37. Bxb5 Kf4 38. c4 Ke5 39. Rd1 g5 40.
Kf1 h5 41. Ke2 g4 42. Ke3 g3 43. hxg3 h4 44. gxh4 Kf5 45. Bd7+ Kg6 46. Kf4 Kh5
47. Rd6 1-0

[Event "FSV-ch 2010"]
[Site "Dortmund"]
[Date "2010.06.24"]
[Round "8.19"]
[White "Hast, Stefan"]
[Black "Vogt, Christian"]
[Result "0-1"]
[WhiteElo "1246"]
[BlackElo "1393"]
[PlyCount "94"]
[EventDate "2010.??.??"]

1. e4 Nf6 2. Nc3 d5 3. exd5 Nxd5 4. Qf3 Nb4 5. Qd1 Bf5 6. d3 e5 7. a3 Nd5 8.
Nxd5 Qxd5 9. Qf3 e4 10. dxe4 Bxe4 11. Qe2 Be7 12. f3 Bg6 13. c3 Nc6 14. Qb5
O-O-O 15. Qxd5 Rxd5 16. Bc4 Rc5 17. Bb3 Na5 18. Ba2 Nc4 19. Bxc4 Rxc4 20. Bd2
Bc2 21. Ne2 Bc5 22. b4 Bb6 23. a4 a6 24. a5 Ba7 25. Ra2 Bb3 26. Ra3 Bc2 27. Ra2
Bd3 28. Kd1 Re8 29. Nf4 Bf5 30. g4 Bd7 31. Kc2 Bc6 32. Kb3 Bb5 33. Raa1 Rd8 34.
Rad1 Rxd2 35. Rxd2 Rxf4 36. Re1 Bc4+ 37. Kc2 Be6 38. Red1 c6 39. Rd8+ Kc7 40.
Ra8 Bb8 41. h4 Rxf3 42. Rxb8 Kxb8 43. Rd8+ Kc7 44. Rg8 g6 45. Rh8 Bxg4 46. Rxh7
Bf5+ 47. Kb3 Kd6 0-1

[Event "FSV-ch 2010"]
[Site "Dortmund"]
[Date "2010.06.24"]
[Round "8.20"]
[White "Wickenfeld, Udo"]
[Black "Kirmes, Hans-Uwe"]
[Result "1/2-1/2"]
[WhiteElo "1271"]
[BlackElo "1338"]
[PlyCount "115"]
[EventDate "2010.??.??"]

1. d4 d5 2. c4 c6 3. Nc3 e6 4. Nf3 Nd7 5. cxd5 cxd5 6. Bf4 Ngf6 7. e3 Be7 8.
Bd3 Nh5 9. Bg3 g6 10. O-O Bf6 11. Bd6 Be7 12. Nb5 Bxd6 13. Nxd6+ Ke7 14. Nxc8+
Rxc8 15. Qb3 Nb6 16. Qb4+ Qd6 17. Qxd6+ Kxd6 18. Ne5 Ke7 19. Rac1 f6 20. Bxg6
Ng7 21. Bxh7 fxe5 22. Rxc8 Rxc8 23. dxe5 Na4 24. b3 Nc3 25. g3 Nxa2 26. Kg2 Nb4
27. g4 Rc3 28. Ra1 a6 29. Rb1 Nc6 30. h3 Nxe5 31. b4 Nc4 32. b5 Na3 33. bxa6
bxa6 34. Rb7+ Kf6 35. g5+ Kxg5 36. Rxg7+ Kh6 37. Re7 Rc6 38. Bg8 Nb5 39. Bxe6
Nc7 40. Bd7 Rc4 41. Bc8 a5 42. Re5 a4 43. Bb7 a3 44. Bxd5 Nxd5 45. Rxd5 Ra4 46.
Rd1 a2 47. Ra1 Kg5 48. Kf3 Kf5 49. Ke2 Ra3 50. Kd2 Ke4 51. h4 Kf3 52. Ke1 Kg4
53. h5 Kxh5 54. Kd2 Kg4 55. Kc2 Kf3 56. Kb2 Rd3 57. Kxa2 Kxf2 58. Rb1 {(=)}
1/2-1/2

[Event "FSV-ch 2010"]
[Site "Dortmund"]
[Date "2010.06.24"]
[Round "8.21"]
[White "Schlepütz, Volker"]
[Black "Beckers, Jürgen"]
[Result "1/2-1/2"]
[WhiteElo "1177"]
[BlackElo "1322"]
[PlyCount "50"]
[EventDate "2010.??.??"]

1. c4 e5 2. g3 Nc6 3. Bg2 Bc5 4. Nc3 Nd4 5. e3 Ne6 6. Nf3 f6 7. d4 exd4 8. Nxd4
Nxd4 9. exd4 Bb4 10. O-O Ne7 11. Qh5+ g6 12. Qf3 O-O 13. Bh6 Rf7 14. g4 Bxc3
15. bxc3 c6 16. d5 d6 17. Rfe1 c5 18. Re3 (18. Re6 Nc6 $1) 18... f5 $4 19. Bg5
(19. Rae1 $1 fxg4 20. Qe2 $18) 19... fxg4 $4 20. Qe4 $4 (20. Qe2 $1 $18) 20...
Bf5 21. Bxe7 Bxe4 $2 (21... Qd7 $1 22. Qf4 Rxe7 23. Rae1 Rae8 $19) 22. Bxd8
Bxg2 23. Re8+ Rf8 24. Rxf8+ Kxf8 25. Bg5 Bf3 1/2-1/2

[Event "FSV-ch 2010"]
[Site "Dortmund"]
[Date "2010.06.24"]
[Round "8.22"]
[White "Rabe, Mark"]
[Black "Herrmann, Rudolf"]
[Result "0-1"]
[WhiteElo "1028"]
[BlackElo "1228"]
[PlyCount "88"]
[EventDate "2010.??.??"]

1. Nf3 Nf6 2. d3 d5 3. g3 Bf5 4. Bg2 e6 5. O-O c5 6. b3 Nc6 7. Ba3 Be7 8. h3 h5
9. Nbd2 Rb8 10. Qc1 b5 11. Rb1 O-O 12. Bb2 Qc7 13. Re1 d4 14. e4 Bg6 15. e5 Nd7
16. Nf1 Ncxe5 17. Nxe5 Nxe5 18. Qd1 b4 19. Bc1 Nd7 20. Be4 f5 21. Bg2 e5 22.
Bf3 Nf6 23. Nh2 Bd6 24. Nf1 e4 25. Bg2 Nd5 26. dxe4 Nc3 27. Qd3 Nxb1 28. exf5
Bxf5 29. Qc4+ Kh8 30. Bh6 Nc3 31. Bd2 Rbe8 32. Bxc3 bxc3 33. Rxe8 Rxe8 34. Qd5
Qd7 35. Qf3 Qf7 36. g4 Bg6 37. Qc6 Qe7 38. a4 Bxc2 39. Qd5 Bh7 40. a5 c2 41. b4
c1=Q 42. bxc5 Qxc5 43. Qf3 Rf8 44. Qd1 Qf6 0-1

[Event "FSV-ch 2010"]
[Site "Dortmund"]
[Date "2010.06.24"]
[Round "8.24"]
[White "Riepe, Markus"]
[Black "Da Costa, Pablo"]
[Result "1-0"]
[WhiteElo "852"]
[BlackElo "1109"]
[PlyCount "63"]
[EventDate "2010.??.??"]

1. c4 e5 2. Nc3 Nf6 3. e4 Bc5 4. Nf3 d6 5. d4 exd4 6. Nxd4 O-O 7. Be3 Re8 8.
Bd3 Bb4 9. a3 Bxc3+ 10. bxc3 Nxe4 11. Qc2 Nf6 12. Bf5 c5 13. Bxc8 Qxc8 14. Nf5
Qe6 15. Qd3 Nc6 16. O-O-O Red8 17. Rhe1 Ne5 18. Qb1 b6 19. f4 Nxc4 20. Bxc5 Qc8
21. Ne7+ Kf8 22. Nxc8 Raxc8 23. Bd4 Nxa3 24. Qd3 Kg8 25. Bxf6 gxf6 26. Qg3+ Kf8
27. f5 Nb5 28. Re3 d5 29. Qf4 a5 30. Qh6+ Kg8 31. Rg3+ Kh8 32. Qg7# 1-0

[Event "FSV-ch 2010"]
[Site "Dortmund"]
[Date "2010.07.01"]
[Round "9.1"]
[White "Lindam, Ingo"]
[Black "Kropp, Andreas J"]
[Result "1/2-1/2"]
[WhiteElo "2027"]
[BlackElo "1975"]
[PlyCount "29"]
[EventDate "2010.??.??"]

1. d4 d6 2. e4 Nf6 3. Nc3 g6 4. Bg5 c6 5. Bc4 b5 6. Bb3 b4 7. Bxf6 exf6 8. Nce2
Bh6 9. Qd3 O-O 10. h4 f5 11. h5 fxe4 12. Qxe4 d5 13. Qf3 Qg5 14. Rd1 Bg4 15.
Qg3 1/2-1/2

[Event "FSV-ch 2010"]
[Site "Dortmund"]
[Date "2010.07.01"]
[Round "9.2"]
[White "Sonntag, Joachim"]
[Black "Bommert, Christian"]
[Result "1-0"]
[WhiteElo "1783"]
[BlackElo "1745"]
[PlyCount "77"]
[EventDate "2010.??.??"]

1. e4 d5 2. exd5 Qxd5 3. Nc3 Qa5 4. d4 Nf6 5. Nf3 Nc6 6. Bc4 Ne4 7. O-O Nxc3 8.
bxc3 Qxc3 9. Qd3 Qxa1 $6 ({
Warum gibt sich Schwarz nicht mit dem einfachen Damentausch} 9... Qxd3 {
zufrieden? Vielleicht eine Stilfrage? Nuechtern betrachtet laesst sich Schwarz
auf einen Tausch der Dame gegen zwei Tuerme in einer Spielphase ein, in der
die Damenpartei (noch) das Uebergewicht hat. Man betrachte nach dem Tausch nur
einmal die schwarzen Tuerme: Ihre Wirkung ist gleich null! Der Anziehende wird
mit Hilfe seines maechtigen Zentrumsbauern die Koordination der schwarzen
Figuren weiter stoeren und einen Angriff gegen den in der Brettmittesteckenden
Koenig fuehren, lange bevor die Tuerme eine Chance erhalten, in das Spiel
einzugreifen.}) 10. Ba3 Qxf1+ 11. Kxf1 f6 12. Qb3 Nd8 13. d5 Bd7 (13... e5 14.
dxe6 Bxa3 15. Qxa3 Bxe6 16. Qe3 (16. Qa4+ c6 17. Nd4 b5 18. Nxb5 cxb5 19. Qxb5+
Kf8 20. Qc5+ Ke8 (20... Kg8 $2 21. Bd5 $1 Rb8 22. Qe7 $40) 21. Qb5+ Ke7 22.
Qc5+ $11) 16... Kf7 17. Qf4 Re8 (17... Bxc4+ 18. Qxc4+ Ne6 19. Nd4 Rhe8 20. f4
$40) 18. Ng5+ Kf8 (18... Kg8 19. Nxe6 Nxe6 20. Qe4 Kf7 21. f4 $18) 19. Nxh7+
Kg8) 14. Nd4 a6 15. Qf3 (15. Ne6 $1 Rc8 16. Nxd8 Rxd8 17. Qxb7 e5 18. dxe6 Bxa3
19. Qxc7 $18) 15... Rc8 16. Qh5+ (16. Ne6 $1) (16. Bd3 $1) 16... g6 17. Qe2 c5
18. dxc6 bxc6 19. Bxa6 Rb8 20. f4 h5 21. Bd3 Rg8 22. f5 (22. Bxg6+ $1 Rxg6 23.
Qxh5 Kf7 24. f5 Bxf5 25. Nxf5 $18) 22... gxf5 23. Qxh5+ Nf7 24. Bc4 Rg7 25. Bb3
$2 {Zeitvergeudung.} (25. Nxf5 Bxf5 26. Bxf7+ Rxf7 27. Qxf5 Rd8 28. Qe6) 25...
Rc8 26. Bc5 Rd8 27. Be6 Bxe6 28. Nxe6 Rg5 29. Qe2 Rd7 30. Nxg5 fxg5 31. Qe6 Nd6
32. a4 Kd8 33. Bb6+ (33. a5) 33... Ke8 34. a5 Bg7 35. Qg8+ Bf8 36. Qg6+ Nf7 37.
Qxc6 Ne5 38. Qb5 Bg7 39. Bd4 1-0

[Event "FSV-ch 2010"]
[Site "Dortmund"]
[Date "2010.07.01"]
[Round "9.3"]
[White "Lauche, Christoph"]
[Black "Stukemeier, Ralf"]
[Result "1-0"]
[WhiteElo "1912"]
[BlackElo "1786"]
[PlyCount "55"]
[EventDate "2010.??.??"]

1. e4 e5 2. f4 exf4 3. Nc3 d6 4. d4 Qh4+ 5. Ke2 Bg4+ 6. Nf3 g5 7. Nd5 Na6 8.
Kd3 Bxf3 9. Qxf3 O-O-O 10. g3 Qh6 11. gxf4 Kb8 12. fxg5 Qg7 13. c3 Ne7 14. Nf6
Nc8 15. Kc2 Be7 16. Bd3 c5 17. Bxa6 bxa6 18. dxc5 dxc5 19. Bf4+ Bd6 20. Rad1 h6
21. h4 Rhf8 22. e5 Bc7 23. gxh6 Qg6+ 24. Qe4 Qxe4+ 25. Nxe4 Bb6 26. Rxd8 Rxd8
27. e6+ Kb7 28. exf7 1-0

[Event "FSV-ch 2010"]
[Site "Dortmund"]
[Date "2010.07.01"]
[Round "9.4"]
[White "Borjini, Faouzi"]
[Black "Campana, Rafael"]
[Result "1-0"]
[WhiteElo "1915"]
[BlackElo "1690"]
[PlyCount "73"]
[EventDate "2010.??.??"]

1. d4 Nf6 2. c4 e6 3. Nf3 b6 4. g3 Ba6 5. Qc2 Bb7 6. Nc3 Be7 7. Bg2 O-O 8. O-O
d5 9. Ne5 Re8 10. Rd1 c6 11. e4 Nbd7 12. Nxd7 Nxd7 13. cxd5 cxd5 14. exd5 exd5
15. Nxd5 Bd6 16. Nf6+ Qxf6 17. Bxb7 Rad8 18. Be3 h5 19. Qe2 Qg6 20. Ba6 h4 21.
Qf3 Nf6 22. Bd3 Ne4 23. Rac1 hxg3 24. hxg3 Bb8 25. Kg2 Qe6 26. Bxe4 Qxe4 27.
Qxe4 Rxe4 28. Rc6 f5 29. Bg5 Rde8 30. d5 f4 31. d6 Bxd6 32. Rcxd6 fxg3 33. Kxg3
Re2 34. R1d2 R2e5 35. Kg4 Re4+ 36. f4 Re1 37. Rd8 1-0

[Event "FSV-ch 2010"]
[Site "Dortmund"]
[Date "2010.07.01"]
[Round "9.5"]
[White "Hillebrand, Carsten"]
[Black "Raskin, Vitali"]
[Result "1/2-1/2"]
[WhiteElo "1857"]
[BlackElo "1767"]
[PlyCount "80"]
[EventDate "2010.??.??"]

1. c4 e5 2. g3 Nf6 3. Bg2 Nc6 4. Nc3 Be7 5. e4 d6 6. Nge2 Bg4 7. f3 Bd7 8. d4
exd4 9. Nxd4 Nxd4 10. Qxd4 c5 11. Qd3 O-O 12. O-O Qc8 13. Re1 Rd8 14. Qf1 a6
15. Bf4 Bf8 16. Rad1 Be6 17. Rd2 (17. g4 $5) 17... Nh5 18. Be3 (18. Bg5 $5)
18... h6 19. Red1 Qc7 20. g4 Nf6 21. h3 Rab8 22. Qe2 (22. f4) 22... Qa5 23. Bf1
Bd7 24. Bf4 Ne8 25. Qe3 (25. e5 dxe5 $4 26. Bxe5 $18) 25... b5 26. b3 (26. e5
$1) 26... bxc4 27. Bxc4 Be6 28. Nd5 Bxd5 29. Bxd5 (29. Rxd5 $5) 29... g5 30.
Bg3 Bg7 31. Qd3 Bd4+ 32. Bf2 Be5 33. Bc4 (33. h4) 33... Nc7 34. Be3 (34. h4)
34... Nb5 35. Qd5 Rf8 36. Bxb5 Rxb5 37. Rc2 Qc7 38. Kg2 Rc8 39. Rc4 (39. h4)
39... Qe7 40. Rdc1 Qe6 {(=)} 1/2-1/2

[Event "FSV-ch 2010"]
[Site "Dortmund"]
[Date "2010.07.01"]
[Round "9.6"]
[White "Reinacher, Detlev"]
[Black "Zelt, Jens"]
[Result "0-1"]
[WhiteElo "1572"]
[BlackElo "2012"]
[PlyCount "58"]
[EventDate "2010.??.??"]

1. Nf3 f5 2. d4 Nf6 3. c4 g6 4. Nc3 Bg7 5. e3 O-O 6. b4 c6 7. Qb3 e6 8. a4 d6
9. c5 d5 10. b5 Nfd7 11. Bb2 Qe7 12. g3 e5 13. dxe5 Nxe5 14. Nxe5 Qxe5 15. Bg2
Qe7 16. O-O Be6 17. bxc6 bxc6 18. Nxd5 Qf7 19. Bxg7 Qxg7 20. Rad1 Qf7 21. Rd2
cxd5 22. Rxd5 Nc6 23. Rfd1 Ne7 24. Qb7 Nxd5 25. Bxd5 Bxd5 26. Qxd5 Qxd5 27.
Rxd5 Rfd8 28. Rd4 Rxd4 29. exd4 Rd8 0-1

[Event "FSV-ch 2010"]
[Site "Dortmund"]
[Date "2010.07.01"]
[Round "9.7"]
[White "Dieckmann, Rudolf"]
[Black "Jost, Udo"]
[Result "0-1"]
[WhiteElo "1560"]
[BlackElo "1759"]
[PlyCount "82"]
[EventDate "2010.??.??"]

1. d4 c5 2. dxc5 Qa5+ 3. Nc3 Qxc5 4. e4 e6 5. Be3 Qa5 6. a3 a6 7. Nf3 Nc6 8. b4
Qc7 9. Na4 b5 10. Nc5 Nf6 11. Bd3 d6 12. Nb3 Bb7 13. O-O Be7 14. Re1 h5 15. Rc1
Ng4 16. c4 bxc4 17. Rxc4 Nxe3 18. Rxe3 Qb6 19. Qc1 Bf6 20. Qe1 Rd8 21. Bc2 Kf8
22. a4 h4 23. a5 Qa7 24. Rd3 Rh5 25. Qe3 Qb8 26. Nbd4 Ne7 27. Ba4 Qa8 28. Ne2
g5 29. e5 Nf5 30. Qb6 dxe5 31. Rxd8+ Bxd8 32. Qc5+ Kg7 33. Qxe5+ Bf6 34. Qc7
Bxf3 35. gxf3 Qxf3 36. Be8 Ne7 37. Kf1 g4 38. Bc6 Nd5 39. Bxd5 Rxd5 40. Rc1 Rd2
41. Qc4 Bd4 0-1

[Event "FSV-ch 2010"]
[Site "Dortmund"]
[Date "2010.07.01"]
[Round "9.8"]
[White "Raszelenberg, Patrick"]
[Black "Weischer, Wolfgang"]
[Result "0-1"]
[WhiteElo "1733"]
[BlackElo "1616"]
[PlyCount "44"]
[EventDate "2010.??.??"]

1. e4 c5 2. Nf3 Nc6 3. d4 cxd4 4. Nxd4 e5 5. Nxc6 bxc6 6. c4 Nf6 7. Qc2 Bc5 8.
Bd3 d6 9. a3 Ng4 10. O-O Qh4 11. h3 h5 12. Qe2 g5 13. Be3 Nxe3 14. fxe3 g4 15.
b4 Bb6 16. c5 dxc5 17. Bc4 Rh7 18. bxc5 Bxc5 19. Bxf7+ Rxf7 20. Rxf7 Kxf7 21.
Qc4+ Be6 22. Qxc5 Qe1+ 0-1